LEADER 01084cam0-22003971i-450- 001 990007736470403321 005 20120319175252.0 010 $a88-243-0981-X 035 $a000773647 035 $aFED01000773647 035 $a(Aleph)000773647FED01 035 $a000773647 100 $a20030814d1992----km-y0itay50------ba 101 0 $aita 102 $aIT 105 $ay-------001yy 200 1 $a<>arbitraggio$fGoffredo Zuddas 210 $aNapoli$cJovene$d1992 215 $aXIX, 226 p.$d25 cm 225 1 $aBiblioteca di diritto privato$v42 300 $aSulla foderina: rinvio al terzo e fonti determinative esterne al negozio 676 $a346.02 676 $a347 700 1$aZuddas,$bGoffredo$0248700 801 0$aIT$bUNINA$gRICA$2UNIMARC 901 $aBK 912 $a990007736470403321 952 $aDPR 23-678$b14561$fDEC 952 $a16-AA-195$b5081$fDDCP 952 $aA-VII-72$b3654 dip.$fDDRC 952 $aA-IV-C-156$b3382 DIP.$fDDRC 959 $aDEC 959 $aDDCP 959 $aDDRC 996 $aArbitraggio$9665176 997 $aUNINA LEADER 02123nas 2200625-a 450 001 996336377303316 005 20220813213022.0 035 $a(OCoLC)610593528 035 $a(CKB)110978976481535 035 $a(CONSER)cn2022017277 035 $a(EXLCZ)99110978976481535 100 $a20100503a19969999 --- a 101 0 $aeng 135 $aurcn||||||||| 135 $aurbn||||||abp 135 $aurbn||||||ada 181 $ctxt$2rdacontent 182 $cc$2rdamedia 183 $acr$2rdacarrier 200 10$aCanadian journal of medical laboratory science 205 $aEnglish ed. 210 $aHamilton, Ont. $cCanadian Society of Laboratory Technologists$d[1996]- 215 $a1 online resource $cillustrations 300 $aRefereed/Peer-reviewed 311 $a1207-5833 517 1 $aCJMLS 606 $aMedical laboratory technology$vPeriodicals 606 $aMedical laboratory technology 606 $aMedical technology$vPeriodicals 606 $aClinical Laboratory Techniques 606 $aTechnologie médicale$vPériodiques 606 $aMédecine$xLaboratoires$xTechnique$vPériodiques 606 $aMédecine$xLaboratoires$xTechnique 606 $aMedical technology$2fast$3(OCoLC)fst01014742 606 $aMedical laboratory technology$2fast$3(OCoLC)fst01014300 608 $aPeriodical 608 $aPeriodicals.$2fast 615 0$aMedical laboratory technology 615 0$aMedical laboratory technology. 615 0$aMedical technology 615 02$aClinical Laboratory Techniques 615 6$aTechnologie médicale 615 6$aMédecine$xLaboratoires$xTechnique 615 6$aMédecine$xLaboratoires$xTechnique. 615 7$aMedical technology. 615 7$aMedical laboratory technology. 676 $a610.69 686 $acci1icc$2lacc 686 $acollissn$2lacc 712 02$aCanadian Society of Laboratory Technologists. 712 02$aCanadian Society for Medical Laboratory Science. 906 $aJOURNAL 912 $a996336377303316 996 $aCanadian journal of medical laboratory science$92260958 997 $aUNISA